<?xml version="1.0" encoding="UTF-8"?>
<record
    xmlns:xsi="http://www.w3.org/2001/XMLSchema-instance"
    xsi:schemaLocation="http://www.loc.gov/MARC21/slim http://www.loc.gov/standards/marcxml/schema/MARC21slim.xsd"
    xmlns="http://www.loc.gov/MARC21/slim">

  <leader>00761nab a2200229 uc4500</leader>
  <controlfield tag="001">644787</controlfield>
  <controlfield tag="005">20250211090923.0</controlfield>
  <controlfield tag="008">010207e19990401                    spa  </controlfield>
  <datafield tag="035" ind1=" " ind2=" ">
    <subfield code="a">644787</subfield>
  </datafield>
  <datafield tag="035" ind1=" " ind2=" ">
    <subfield code="a">(OCoLC)819879876</subfield>
  </datafield>
  <datafield tag="040" ind1=" " ind2=" ">
    <subfield code="c">comduadb</subfield>
  </datafield>
  <datafield tag="041" ind1=" " ind2=" ">
    <subfield code="a">spa</subfield>
  </datafield>
  <datafield tag="100" ind1="1" ind2="0">
    <subfield code="a">Boukhari, Sophie</subfield>
    <subfield code="4">aut</subfield>
    <subfield code="e">aut</subfield>
    <subfield code="9">503327</subfield>
  </datafield>
  <datafield tag="245" ind1="1" ind2="0">
    <subfield code="a">Leila Shahid, mujer y palestina</subfield>
  </datafield>
  <datafield tag="650" ind1=" " ind2="7">
    <subfield code="a">Derechos de la mujer</subfield>
    <subfield code="2">lemb</subfield>
    <subfield code="9">992</subfield>
  </datafield>
  <datafield tag="650" ind1=" " ind2=" ">
    <subfield code="a">Coexistencia pacifica</subfield>
    <subfield code="9">2686</subfield>
  </datafield>
  <datafield tag="650" ind1=" " ind2=" ">
    <subfield code="a">Coexistencia pacifica</subfield>
    <subfield code="9">2686</subfield>
  </datafield>
  <datafield tag="650" ind1=" " ind2="7">
    <subfield code="a">Conflicto &#xE1;rabe-israel&#xED;</subfield>
    <subfield code="2">embne</subfield>
    <subfield code="9">158023</subfield>
  </datafield>
  <datafield tag="700" ind1="1" ind2="0">
    <subfield code="a">Otchet, Amy</subfield>
    <subfield code="4">aut</subfield>
    <subfield code="e">aut</subfield>
    <subfield code="9">290828</subfield>
  </datafield>
  <datafield tag="773" ind1="0" ind2=" ">
    <subfield code="t">El Correo de la Unesco (Par&#xED;s)</subfield>
    <subfield code="g">Vol. 52, No. 04, Abril, 1999/  El Correo de la Unesco (Paris), 45-50</subfield>
    <subfield code="w">95870</subfield>
    <subfield code="z">0304310X</subfield>
    <subfield code="0">92834</subfield>
  </datafield>
  <datafield tag="942" ind1=" " ind2=" ">
    <subfield code="c">ARIMP</subfield>
  </datafield>
  <datafield tag="999" ind1=" " ind2=" ">
    <subfield code="c">190690</subfield>
    <subfield code="d">190690</subfield>
  </datafield>
</record>
